Analysis and mitigation of nonlinear fiber impairments in high bit rate all-optical orthogonal frequency division multiplexing system /
Saved in:
| 主要作者: | |
|---|---|
| 格式: | Thesis 图书 |
| 语言: | English |
| 出版: |
2016.
|
| 主题: | |
| 在线阅读: | http://studentsrepo.um.edu.my/id/eprint/6646 |
| 标签: |
添加标签
没有标签, 成为第一个标记此记录!
|
| LEADER | 01516cam a2200337 i 4500 | ||
|---|---|---|---|
| 001 | u1037352 | ||
| 003 | SIRSI | ||
| 005 | 201608021140 | ||
| 008 | 160802s2016 my a m 000 0 eng | ||
| 040 | |a UMM |d UMJ |d AUM |e rda | ||
| 090 | |a TK7 |b UMP 2016 Hmo | ||
| 097 | |a TK7 |b UMP 2016 Hmo | ||
| 100 | 1 | |a Hmood, Jassim Kadim, |e author. | |
| 245 | 1 | 0 | |a Analysis and mitigation of nonlinear fiber impairments in high bit rate all-optical orthogonal frequency division multiplexing system / |c Jassim Kadim Hmood. |
| 264 | 1 | |c 2016. | |
| 264 | 4 | |c 2016. | |
| 300 | |a xxii, 184 leaves, 5 unnumbered leaves : |b illustrations ; |c 30 cm. | ||
| 336 | |a text |2 rdacontent | ||
| 337 | |a unmediated |2 rdamedia | ||
| 338 | |a volume |2 rdacarrier | ||
| 502 | |b Ph.D. |c Jabatan Kejuruteraan Elektirk, Fakulti Kejuruteraan, Universiti Malaya |d 2016. | ||
| 504 | |a Bibliography: leaves 170-183. | ||
| 650 | 0 | |a Orthogonal frequency division multiplexing. | |
| 650 | 0 | |a Amplitude modulation. | |
| 710 | 2 | |a Universiti Malaya. |b Jabatan Kejuruteraan Elektrik, |e degree granting institution. | |
| 856 | 4 | 1 | |u http://studentsrepo.um.edu.my/id/eprint/6646 |
| 900 | |a NSR NSM AMA | ||
| 596 | |a 1 7 25 | ||
| 999 | |a TK7 UMP 2016 HMO |w LC |c 1 |i A516206814 |d 27/5/2019 |e 27/5/2019 |f 9/11/2016 |g 1 |l STACKS |m P01UTAMA |n 1 |r Y |s Y |t TESIS |u 8/11/2016 |1 STEM | ||
| 999 | |a TK7 UMP 2016 HMO |w LC |c 1 |i A516557912 |d 8/3/2017 |f 8/3/2017 |g 1 |l STACKS |m P07JURUTER |r N |s Y |t TESIS |u 8/3/2017 |1 STEM | ||
| 999 | |a TK7 UMP 2016 HMO |w LC |c 1 |i A517139373 |l STACKS |m P25UMARCHI |r Y |s Y |t CD |u 12/7/2018 |1 STEM | ||
